Wszyscy sąsiedzi Polski od 1945r. - Statystyki

Ogólne statystyki
  • Ten quiz został rozwiązany 27 razy
  • Średni wynik to 10 z 11
Statystyki odpowiedzi
Lata państwa Państwo % Poprawnych
1991-obecnie Białoruś
96%
1990-obecnie Litwa
96%
1990-obecnie Niemcy
96%
1991-obecnie Rosja
96%
1991-obecnie Ukraina
96%
1945- Czechosłowacja
93%
1993-obecnie Czechy
93%
1949-1990 Niemiecka Republika Demokratyczna
93%
1993-obecnie Słowacja
93%
1945- Związek Radziecki
93%
1945-1949 Radziecka Strefa Okupacyjna w Niemczech
89%
Nie znaleziono quizów pasujących do podanych kryteriów
Rozkład punktacji
Procent ludzi z każdym wynikiem
Percentyl według liczby udzielonych odpowiedzi
Twoja historia wyników
Nie rozwiązałeś tego quizu